Countries Producing the Most Dates - Statistics

General Stats
  • This quiz has been taken 69 times
  • The average score is 17 of 20
Answer Stats
1000 tonnes country % Correct
1590 Egypt
98%
1059 Algeria
91%
130 Morocco
91%
1185 Iran
90%
619 Iraq
90%
755 Saudi Arabia
90%
39 Turkey
90%
361 Oman
88%
29 Qatar
88%
48 Yemen
86%
44 Israel
84%
25 Jordan
84%
87 Kuwait
84%
260 Tunisia
84%
175 Libya
83%
524 Pakistan
83%
475 United Arab Emirates
83%
439 Sudan
78%
162 China
66%
39 United States
62%
No matching quizzes found
Score Distribution
Percent of People with Each Score
Percentile by Number Answered
Your Score History
You have not taken this quiz